تموز : (Record no. 26084)
[ view plain ]
| 000 -LEADER | |
|---|---|
| fixed length control field | 00671nam a22002057a 4500 |
| 005 - DATE AND TIME OF LATEST TRANSACTION | |
| control field | 20251108165348.0 |
| 008 - FIXED-LENGTH DATA ELEMENTS--GENERAL INFORMATION | |
| fixed length control field | 250721s1985 xx 000 0 ara d |
| 082 14 - DEWEY DECIMAL CLASSIFICATION NUMBER | |
| Classification number | 930/مور |
| 100 1# - MAIN ENTRY--PERSONAL NAME | |
| Personal name | مورتكات، أنطون |
| 245 10 - TITLE STATEMENT | |
| Title | تموز : |
| Remainder of title | عقيدة الخلود و التقمص في فن الشرق القديم / |
| 264 1# - PRODUCTION, PUBLICATION, DISTRIBUTION, MANUFACTURE, AND COPYRIGHT NOTICE | |
| Place of production, publication, distribution, manufacture | دمشق : |
| Name of producer, publisher, distributor, manufacturer | دار المجد للنشر و الخدمات الطباعية، |
| Date of production, publication, distribution, manufacture, or copyright notice | 1985. |
| 300 ## - PHYSICAL DESCRIPTION | |
| Extent | 336ص : مص |
| 650 17 - SUBJECT ADDED ENTRY--TOPICAL TERM | |
| Topical term or geographic name as entry element | التاريخ القديم |
| 650 17 - SUBJECT ADDED ENTRY--TOPICAL TERM | |
| Topical term or geographic name as entry element | التاريخ |
| 650 17 - SUBJECT ADDED ENTRY--TOPICAL TERM | |
| Topical term or geographic name as entry element | الموت |
| 650 17 - SUBJECT ADDED ENTRY--TOPICAL TERM | |
| Topical term or geographic name as entry element | الفن |
| 700 1# - ADDED ENTRY--PERSONAL NAME | |
| Personal name | سليمان، توفيق |
| Relator term | ترجمة |
| 942 ## - ADDED ENTRY ELEMENTS (KOHA) | |
| Source of classification or shelving scheme | Dewey Decimal Classification |
| Koha item type | Books |
| حالة السحب | حالة الفقدان | مصدر التصنيف | حالة التلف | غير قابل للإعارة | المكتبة الرئيسية | المكتبة الحالية | موقع الرف | تاريخ التزويد | الرقم المتسلسل | Total Checkouts | رقم الإستدعاء | الباركود | تاريخ آخر ظهور | تاريخ الفاتورة | نوع المادة (كوها) |
|---|---|---|---|---|---|---|---|---|---|---|---|---|---|---|---|
| Dewey Decimal Classification | المكتبة المركزية | المكتبة المركزية | الإعارة | 06/07/2004 | 185287 | 930/مور | 185287 | 28/07/2025 | 06/07/2004 | Books | |||||
| Dewey Decimal Classification | Unchecked | مكتبة الجويدة | مكتبة الجويدة | الإعارة | 06/07/2004 | 4138 | 930/مور | 28/07/2025 | 06/07/2004 | Books | |||||
| Dewey Decimal Classification | Unchecked | مكتبة صويلح العامة | مكتبة صويلح العامة | الإعارة | 06/07/2004 | 8213 | 930/مور | 28/07/2025 | 06/07/2004 | Books | |||||
| Dewey Decimal Classification | مكتبة وادي السير العامة | مكتبة وادي السير العامة | الإعارة | 29/02/2016 | [4957]... | 930/مور | PLD00376863 | 28/07/2025 | 29/02/2016 | Books |